Partidos de Buenos Aires - Estadísticas

Estadísticas generales
  • Esta prueba ha sido intentada 485 veces
  • La puntuación promedio es 55 de 135
Estadísticas de respuestas
Hint- Respuesta % Correcto
- La Matanza
82%
- La Plata
80%
- Quilmes
79%
- Avellaneda
77%
- Tigre
74%
- Lanús
73%
- Morón
73%
- Bahía Blanca
72%
- Vicente López
72%
- Pila
70%
- San Isidro
69%
- Lomas de Zamora
67%
- Ezeiza
66%
- Azul
63%
- Berazategui
63%
- Tandil
63%
- Luján
62%
- Moreno
61%
- San Fernando
61%
- La Costa
60%
- Tres de Febrero
60%
- Zárate
60%
- Junín
58%
- San Nicolás
57%
- Florencio Varela
55%
- Merlo
55%
- Berisso
54%
- Campana
53%
- Pinamar
53%
- Monte
52%
- Necochea
52%
- Pergamino
52%
- Pilar
52%
- San Miguel
52%
- Cañuelas
51%
- Ensenada
51%
- Escobar
51%
- Hurlingham
51%
- Chascomús
50%
- Olavarría
50%
- Almirante Brown
49%
- Ituzaingó
48%
- Nueve de Julio
48%
- San Pedro
47%
- Lobos
46%
- Patagones
46%
- Tres Arroyos
46%
- General San Martín
45%
- Pueyrredón
45%
- Dolores
44%
- Mercedes
44%
- Malvinas Argentinas
43%
- Presidente Perón
43%
- San Vicente
43%
- Trenque Lauquen
42%
- Villa Gesell
42%
- Chivilcoy
41%
- José C. Paz
41%
- Veinticinco de Mayo
41%
- Arrecifes
40%
- Monte Hermoso
40%
- Pehuajó
40%
- Brandsen
39%
- Lincoln
39%
- San Antonio de Areco
39%
- Balcarce
38%
- Bolívar
38%
- Chacabuco
38%
- Esteban Echeverría
38%
- General Belgrano
38%
- Carmen de Areco
37%
- Coronel Suárez
36%
- Castelli
35%
- General Villegas
35%
- Marcos Paz
35%
- Bragado
34%
- Coronel Pringles
34%
- Las Flores
34%
- Punta Indio
34%
- Magdalena
33%
- Ramallo
33%
- Capitán Sarmiento
32%
- Carlos Casares
32%
- Mar Chiquita
32%
- Saladillo
32%
- Ayacucho
31%
- Lobería
31%
- Navarro
31%
- Daireaux
30%
- General Lavalle
30%
- Lezama
30%
- Colón
29%
- Rauch
29%
- San Andrés de Giles
29%
- Exaltación de la Cruz
28%
- General Las Heras
28%
- Guaminí
28%
- Maipú
28%
- Puan
28%
- Salto
28%
- Adolfo Alsina
27%
- Coronel Dorrego
27%
- General Alvear
27%
- General La Madrid
27%
- Rodríguez
27%
- Rojas
27%
- Roque Pérez
27%
- Saavedra
27%
- Benito Juárez
26%
- General Alvarado
26%
- Suipacha
26%
- Villarino
26%
- General Paz
24%
- Laprida
24%
- Tapalqué
24%
- Carlos Tejedor
23%
- Florentino Ameghino
23%
- General Guido
23%
- Pellegrini
23%
- Salliqueló
23%
- General Pinto
22%
- Rivadavia
22%
- San Cayetano
22%
- Adolfo Gonzales Chaves
21%
- Tordillo
21%
- General Arenales
20%
- Hipólito Yrigoyen
20%
- Tres Lomas
20%
- Coronel Rosales
19%
- Leandro N. Alem
18%
- General Juan Madariaga
17%
- General Viamonte
16%
- Albertis
11%
- Baraderos
11%
- Tronquist
10%
No se encontraron pruebas coincidentes
Distribución de puntuación
Porcentaje de gente con cada puntuación
Porcentaje por número respondido
Historial de tus puntuaciones
No has intentado esta prueba.